Τα όστεινα εργαλεία και τα μικροαντικείμενα της Νεολιθικής περιόδου από τη Φτέλια Μυκόνου και το σπήλαιο Σαρακηνού Βοιωτίας : διδακτορική διατριβή

Αποθηκεύτηκε σε:
Λεπτομέρειες βιβλιογραφικής εγγραφής
Κύριος συγγραφέας: Γιαννοπούλου, Καλλιόπη
Συγγραφή απο Οργανισμό/Αρχή: Πανεπιστήμιο Αιγαίου. Σχολή Ανθρωπιστικών Σπουδών. Τμήμα Μεσογειακών Σπουδών
Μορφή: Thesis Βιβλίο
Γλώσσα:Greek
Δημοσίευση: 2009
Θέματα:
Διαθέσιμο Online:http://hdl.handle.net/11610/10979
Ετικέτες: Προσθήκη ετικέτας
Δεν υπάρχουν, Καταχωρήστε ετικέτα πρώτοι!

MARC

LEADER 00000cam a2200000 i 4500
001 1/9157
008 100712s2009 gre d
035 |l 10108527 
040 |a GR-MY-UA  |b gre  |e aacr 
041 0 |a gre 
082 0 |a 489.37  |2 (22) 
100 1 |a Γιαννοπούλου, Καλλιόπη. 
245 1 3 |a Τα όστεινα εργαλεία και τα μικροαντικείμενα της Νεολιθικής περιόδου από τη Φτέλια Μυκόνου και το σπήλαιο Σαρακηνού Βοιωτίας :  |b διδακτορική διατριβή /  |c Γιαννοπούλου Γ. Καλλιόπη 
260 |c 2009 
300 |a 349 σ.;  |c 30 εκ. 
502 |a Διατριβή (διδακτορική) – Πανεπιστήμιο Αιγαίου, Ρόδος, 2009. 
504 |a Βιβλιογραφία: σ. 240-257 
650 0 |a Archaeology  |z Greece  |z Voiotia. 
650 0 |a Archaeology  |z Greece  |z Mykonos Island. 
650 0 |a Neolithic period  |z Greece  |z Voiotia. 
650 0 |a Neolithic period  |z Greece  |z Mykonos Island. 
650 0 |a Caves  |z Greece  |z Voiotia. 
651 0 |a Voiotia (Greece)  |x Antiquities. 
651 0 |a Mykonos Island (Greece)  |x Antiquities. 
650 0 0 |a Dissertations, Academic  |z Greece. 
710 2 |a Πανεπιστήμιο Αιγαίου.   |b Σχολή Ανθρωπιστικών Σπουδών.   |b Τμήμα Μεσογειακών Σπουδών. 
852 |a INST  |b RHODES  |c DIATR  |e 20110406  |h 489.37 ΓΙΑ  |p 005400032869  |q 005400032869  |t PHD  |y 23 
852 |a INST  |b RHODES  |c DIATR  |e 20110406  |h 489.37 ΓΙΑ  |p 005400032870  |q 005400032870  |t PHD  |y 23 
856 |u http://hdl.handle.net/11610/10979 
901 |a BIBL4-2010-2 
909 |a Ρ  |b 163354 
909 |a Ρ  |b 163355 
924 |a ΓΙΑΝΝΟΠΟΥΛΟΥ  |b ΚΑΛΛΙΟΠΗ  |y ΡΟΔΟΣ  |z 2010-01 
970 |a ΚΟΖΑ  |b ΜΑΡΙΑ  |z 2010/07/12